000 00725nam a2200217Ia 4500
001 17043
003 GE_BSU
008 181216s||||||||xx |||||||||||||| ||und||
040 _cGE_BSU
080 _a329.150.1(092ლენინი)(093.3)
100 _aმარი, ევგენი
245 _aსტუმრად ლენინთან
245 _cთარგმანი დ. შენგელიასი და გ. მეტრეველისა
260 _aთბილისი
260 _bნაკადული
260 _c1968
300 _a131გვ. ; 20სმ
653 _aლენინი, ვ.ი.;
653 _aსტუმრად ლენინთან
942 _cBK
999 _c50105
_d50105